| 000 | 00740nam a22002297a 4500 | ||
|---|---|---|---|
| 003 | DO-SdBNP | ||
| 005 | 20211019144408.0 | ||
| 007 | ta | ||
| 008 | 211019b2019 dr a|||| |||| 00| 0 spa d | ||
| 020 | _a 9781973483267 | ||
| 040 |
_aDO-SdBNP _bspa _cBNPHU |
||
| 082 | 4 |
_bO77a _222 |
|
| 100 | 1 |
_aOviedo, Pedro, _d1947- _980271 |
|
| 245 | 1 | 0 |
_aÁngeles en Constanza / _cPedro Oviedo ; prólogo, David Ricardo Pimentel López. |
| 260 |
_aSanto Domingo _bPoetas de la Era, _c2019. |
||
| 300 |
_a181 p. : _bil. ; _c23 cm. |
||
| 500 | _aIncluye datos biográficos del autor en la página 181. | ||
| 590 | _aInventariado, 2021 /LP | ||
| 700 | 1 |
_aPimentel López, David Ricardo, _eprólogo _980272 |
|
| 910 | _aLopérez | ||
| 942 |
_2ddc _cLBS1 |
||
| 999 |
_c50779 _d50779 |
||